La Liga Champions by Season - Statistics

General Stats
  • This quiz has been taken 7 times
  • The average score is 14 of 33
Answer Stats
Hint Answer % Correct
1992-93 Barcelona
71%
2010-11 Barcelona
71%
2024-25 Barcelona
71%
2007-08 Real Madrid
71%
2019-20 Real Madrid
71%
2023-24 Real Madrid
71%
1998-99 Barcelona
57%
2008-09 Barcelona
57%
2018-19 Barcelona
57%
2006-07 Real Madrid
57%
2011-12 Real Madrid
57%
2021-22 Real Madrid
57%
2013-14 Atlético Madrid
43%
2009-10 Barcelona
43%
2012-13 Barcelona
43%
2014-15 Barcelona
43%
2015-16 Barcelona
43%
2022-23 Barcelona
43%
2016-17 Real Madrid
43%
2003-04 Valencia
43%
1993-94 Barcelona
29%
1997-98 Barcelona
29%
2004-05 Barcelona
29%
2005-06 Barcelona
29%
2017-18 Barcelona
29%
1999-00 Deportivo La Coruña
29%
1994-95 Real Madrid
29%
1996-97 Real Madrid
29%
2001-02 Valencia
29%
2020-21 Atlético Madrid
14%
2000-01 Real Madrid
14%
2002-03 Real Madrid
14%
1995-96 Atlético Madrid
0%
No matching quizzes found
Score Distribution
Percent of People with Each Score
Percentile by Number Answered
Your Score History
You have not taken this quiz